Les 20 meilleures nations du rugby mondial 2024 - Statistiques

Statistiques générales
  • Ce quiz a été pris 223 fois
  • Le résultat moyen est 17 sur 20
Statistiques - réponses
Points Réponses % Correct
87,92 France
99%
90,69 Irlande
98%
89,80 Nouvelle-Zélande
98%
94,54 Afrique du Sud
97%
85,75 Angleterre
97%
77,48 Australie
97%
79,41 Italie
96%
82,82 Écosse
95%
80,68 Argentine
93%
77,26 Pays de Galles
92%
76,38 Fidji
88%
70,28 Portugal
86%
74,27 Japon
85%
64,37 Espagne
82%
72,23 Samoa
79%
67,94 États-Unis
78%
71,57 Tonga
78%
74,02 Géorgie
71%
67,39 Uruguay
61%
61,66 Roumanie
58%
Aucun quiz correspondant
Distribution des résultats
% des personnes avec chaque résultat
Percentile par nombre de réponses
Votre historique - résultats
Vous n’avez pas pris ce quiz